| 000 | 01114cam a2200241 4500 | ||
|---|---|---|---|
| 001 | ABS62955 | ||
| 008 | 000000n2000 000 0 eng u | ||
| 035 | _a(Sirsi) u108964 | ||
| 100 | _aBate, R. | ||
| 245 | _aSewage works | ||
| 260 | _c2000 | ||
| 490 |
_aEstates Gazette _v(0041) 14 October 2000, 207(1) |
||
| 520 | _aEarlier this year government proposed important changes to the law for the provision of sewers and drains. The core proposals are set out in: "The Provision of New Drains and Sewers in England and Wales". These are designed to raise standards and tighten the controls that apply to the construction of sewers and drains. Highlights problems with the current provisions and discusses whether the proposed changes will address all the pertinent issues. Provides a useful summary of the main changes, and what the new requirements will entail. | ||
| 590 | _aABS | ||
| 650 | _aSEWERS | ||
| 650 | _aDRAINS | ||
| 650 | _aSTANDARDS | ||
| 650 | _aGOVERNMENT POLICY | ||
| 650 | _aREGULATIONS | ||
| 690 | _aBUILDING AND CONSTRUCTION-ENGINEERING | ||
| 700 | _aHancock, C. | ||
| 942 | _n0 | ||
| 999 |
_c65071 _d65071 |
||